000 00584nam a22001817a 4500
005 20250222120952.0
008 250222b |||||||| |||| 00| 0 eng d
020 _a9780443102516
050 _aRG524
_b.M985
245 _aMyles Textbook for Midwives/
_cedited by Diane M. Fraser, Margaret A. Cooper & Anna G. W. Nolte
250 _bAfrican edition
260 _aEdinburgh
_bChurchill Livingstone/Elsevier
_c2006
300 _axvi. 1031p.
_bill. some color
_c24.5cm
700 _aFraser, Diane M.
700 _aCooper, Margaret A.
700 _aNolte, Anna G. W.
942 _2lcc
_cBK
_n0
999 _c4127
_d4127